Man, crime, and society /

Saved in:
Bibliographic Details
Main Author: Bloch, Herbert A. (Herbert Aaron), 1904-1965
Other Authors: Geis, Gilbert
Format: Book
Language:English
Published: N.Y. : Random House, 1962.
Subjects:
LEADER 00782nam a22002051 4500
001 c000356916
003 CARM
005 00000000000000.0
008 851029s1962 nyu 00000 eng d
019 1 |a 4025419  |5 LACONCORD2021 
035 |a (OCoLC)216322016  |5 LACONCORD2021 
100 1 |a Bloch, Herbert A.  |q (Herbert Aaron),  |d 1904-1965. 
245 1 0 |a Man, crime, and society /  |c the forms of criminal behavior by H.A.Bloch and G.Geis. 
260 |a N.Y. :  |b Random House,  |c 1962. 
650 0 |a Criminology. 
700 1 |a Geis, Gilbert. 
852 8 |b CARM  |h A1:AM38E0  |i C10294  |p 0442387  |f BK 
082 0 4 |a 364.1 
999 f f |i a7dece11-13dc-58f3-b624-b7dbb05df87f  |s b73ed406-13be-5bdd-a5ae-ce25a61eb9d4 
952 f f |p Can circulate  |a CAVAL  |b CAVAL  |c CAVAL  |d CARM 1 Store  |e C10294  |f A1:AM38E0  |h Other scheme  |i book  |m 0442387